000 00886cam a22002531 4500
001 sa 65006740
003 DLC
005 20260227112144.0
008 861105s1963 ii c 000 0dtelx
010 _asa 65006740
025 _aPL480:I-Te-715
035 _a(OCoLC)15302455
040 _aDLC
_cNN
_dDLC
042 _apremarc
050 0 0 _aPL4780.9.V3973
_bS7
100 2 _aVenkata Subrahmanya Sastri, Maddulapalli,
_d1900-
245 1 0 _aŚrī Bhaktapōtarājīyamu,
_baidaṅkamulanāṭakamu.
_cGrantha karta Maddulapalli Vēṅkaṭasubrahmaṇ yaśāstri.
260 _aHindūpuramu,
_bŚrī Kr̥ṣṇadēvarāya Granthamāla,
_c1963.
300 _aix, 82 p.
_bports.
_c21 cm.
500 _aIn Telugu.
500 _aA play.
500 _aIncludes biographical information of the author and a list of his works: p. iii-iv.
600 0 0 _aPōtana,
_dactive 15th century
_vDrama.
999 _c64832
_d64832